01566cam a22003737a 4500003000500000005001700005008004100022010001000063011001000073035001000083040000900093090001000102100003300112245011700145260004000262300000900302502007400311590003700385590004100422590004100463590004100504590004200545650003200587650003600619901000700655942000900662949003500671949004000706949004000746999001700786952013100803952013100934952012701065CHAP20220329134826.0971013s1972 r 00010 d a26553 a27525 a31626 cCHAP aTesis00aIslas Solares, Mario.960615 0aEnsayo de trece variedades de alfalfa (Medicago sativa) en condiciones de temporal en el Valle de Toluca, Méx. aChapingo, Méx. :bEl autor,c1972 a42 h aTesis (Ing. Agr. Esp. en Zootecnia) -- ENA. Departamento de Zootecnia aALEPHb10c20130110lUCH01h1249 aBATCH-UPDb10c20130110lUCH01h1310 aBATCH-UPDb10c20130410lUCH01h0824 aBATCH-UPDb10c20130914lUCH01h0251 aCONVERSIONb10c20130109lUCH01h131514aAlfalfa como forraje.9389914aAlfalfazMéxico (Edo.).93898 aBK cFOLL bBCcTESd-73145eTS1i31626si bBCcTESd-73146eTS2fc.2i31626si bBCcTESd-73147eTS2fc.3i31626si c26553d26553 00102local4053708TESISaBCbBCcPA_TESISd2012-12-17fFOLLl0oTesisp-73146r2019-12-31 00:00:00tc.2w2019-12-31yTESIS 00102local4053708TESISaBCbBCcPA_TESISd2012-12-17fFOLLl0oTesisp-73147r2019-12-31 00:00:00tc.3w2019-12-31yTESIS 00102local4051708TESISaBCbBCcPA_TESISd2012-12-17fTESISl0oTesisp-73145r2019-12-31 00:00:00w2019-12-31yTESIS